[Event "Cto Aragón Equipos Pref Gr I"]
[Site "Aragón"]
[Date "2014.03.22"]
[Round "9.35"]
[White "Zubialde Ayala, Gonzalo"]
[Black "Perez Boy, Pedro"]
[Result "1-0"]
[WhiteElo "1731"]
[BlackElo "1829"]
[PlyCount "117"]
[EventDate "2014.??.??"]
[EventRounds "9"]
[EventCountry "ESP"]
[WhiteTeam "Agrupacion B"]
[BlackTeam "Sta Isabel"]

1. e4 Nf6 2. Nc3 e5 3. Nf3 d6 4. d4 exd4 5. Nxd4 Nc6 6. Bb5 Bd7 7. Nxc6 bxc6 8.
Bc4 Rb8 9. Bb3 Be7 10. Be3 a5 11. O-O O-O 12. f4 Be6 13. e5 Nd7 14. f5 Bxb3 15.
axb3 Nxe5 16. Rxa5 d5 17. Nxd5 cxd5 18. Rxd5 Bd6 19. f6 Qe8 20. fxg7 Kxg7 21.
Bd4 Qe6 22. Qf3 Kg8 23. Qg3+ Ng6 24. Qg5 f6 25. Bxf6 Be7 26. Bxe7 Qxe7 27. Qxe7
Nxe7 28. Rd7 Nf5 29. Rxc7 Ne3 30. Re1 Rbd8 31. h3 Rd1 32. Rxd1 Nxd1 33. Rd7
Nxb2 34. Rd2 Rb8 35. Kf2 Kg7 36. Ke3 Kf6 37. Rf2+ Ke6 38. Rf1 Rc8 39. Kd2 Rd8+
40. Kc1 Nd3+ 41. cxd3 Rxd3 42. Rf3 Rd4 43. Kc2 Re4 44. Kc3 Re2 45. g4 Kd5 46.
Kb4 Rh2 47. Rc3 Rh1 48. Kb5 Kd6 49. b4 Kd7 50. Kb6 h6 51. b5 Rh2 52. Ra3 Kd6
53. Ka7 Rb2 54. b6 Kc6 55. Rc3+ Kd6 56. b7 Ra2+ 57. Kb8 Kd7 58. Rc7+ Kd6 59.
Kc8 1-0

[Event "Cto Aragón Equipos Pref Gr I"]
[Site "Aragón"]
[Date "2014.03.22"]
[Round "9.36"]
[White "Celma Pueyo, Ramon"]
[Black "Manguez Tomas, Andres"]
[Result "0-1"]
[WhiteElo "1647"]
[BlackElo "1673"]
[PlyCount "84"]
[EventDate "2014.??.??"]
[EventRounds "9"]
[EventCountry "ESP"]
[WhiteTeam "Sta Isabel"]
[BlackTeam "Agrupacion B"]

1. d4 d5 2. c4 e6 3. Nc3 f5 4. Nf3 Nf6 5. Bg5 c6 6. a3 Bd6 7. e3 O-O 8. Ne5
Nbd7 9. Bf4 Qc7 10. Nxd7 Bxd7 11. Bxd6 Qxd6 12. c5 Qc7 13. Bd3 Be8 14. f3 Bg6
15. Qd2 Rae8 16. O-O-O b5 17. b4 a5 18. Na2 Ra8 19. Qc3 Ra7 20. Kd2 Rfa8 21.
Ra1 Nd7 22. f4 Nf6 23. h3 Nh5 24. g4 Nf6 25. g5 Nh5 26. Rhg1 Nxf4 27. exf4
Qxf4+ 28. Kc2 Qf2+ 29. Qd2 Qxd4 30. Qc3 Qf2+ 31. Qd2 Qh4 32. Qe3 Bf7 33. g6
hxg6 34. Rxg6 Bxg6 35. Qxe6+ Bf7 36. Qxc6 Qf2+ 37. Kb1 axb4 38. Qxb5 Rxa3 39.
Bc2 Qe1+ 40. Kb2 Qe5+ 41. Kb1 b3 42. Bxb3 Rb8 0-1

[Event "Cto Aragón Equipos Pref Gr I"]
[Site "Aragón"]
[Date "2014.03.22"]
[Round "9.37"]
[White "Maza Broto, Pablo"]
[Black "Pellicer Cerezuela, Miguel"]
[Result "1-0"]
[WhiteElo "2045"]
[BlackElo "1927"]
[PlyCount "47"]
[EventDate "2014.??.??"]
[EventRounds "9"]
[EventCountry "ESP"]
[WhiteTeam "Jaime Casas B"]
[BlackTeam "L´Aurora Estadilla B"]

1. d4 Nf6 2. Nf3 e6 3. e3 b6 4. Bd3 Bb7 5. O-O Be7 6. c4 c5 7. Nc3 O-O 8. d5 d6
9. e4 e5 10. h3 Bc8 11. Nh2 Ne8 12. f4 exf4 13. Bxf4 Bf6 14. Nf3 Nd7 15. Qe1
Ne5 16. Rd1 Nxf3+ 17. Rxf3 Be5 18. Qg3 f6 19. Rdf1 Qe7 20. Bxe5 dxe5 21. a3 Ba6
22. Nd1 Nd6 23. Ne3 Qd7 24. Rxf6 1-0

[Event "Cto Aragón Equipos Pref Gr I"]
[Site "Aragón"]
[Date "2014.03.22"]
[Round "9.38"]
[White "Fuentes Espuna, Juan Antonio"]
[Black "Rodriguez Leiva, Manuel"]
[Result "0-1"]
[WhiteElo "1920"]
[BlackElo "1992"]
[PlyCount "136"]
[EventDate "2014.??.??"]
[EventRounds "9"]
[EventCountry "ESP"]
[WhiteTeam "L´Aurora Estadilla B"]
[BlackTeam "Jaime Casas B"]

1. d4 d5 2. c4 c6 3. Nc3 Nf6 4. Bf4 e6 5. c5 Nbd7 6. e3 Be7 7. Bd3 Nf8 8. Nf3
Ng6 9. Bg3 Nh5 10. Qb1 O-O 11. Ne2 f5 12. b4 Nh4 13. Nxh4 Bxh4 14. a4 Bxg3 15.
hxg3 g6 16. g4 fxg4 17. Bxg6 hxg6 18. Qxg6+ Ng7 19. Nf4 Qf6 20. Qh7+ Kf7 21.
Rh6 Qf5 22. Ng6 Rg8 23. Qxg8+ Kxg8 24. Ne7+ Kf7 25. Nxf5 exf5 26. Rh8 b6 27. b5
Bb7 28. Rh6 Rc8 29. Rc1 bxc5 30. dxc5 Ba8 31. b6 a6 32. Kd2 Re8 33. Rb1 Bb7 34.
f3 Re6 35. Rh4 Rg6 36. Rf1 gxf3 37. gxf3 Ne6 38. Rc1 Rg2+ 39. Kd3 a5 40. Rh7+
Rg7 41. Rh2 Ba6+ 42. Kd2 Kf6 43. Rh6+ Kf7 44. Rh2 Ng5 45. Rf2 Rh7 46. Rb1 Kf6
47. Rb3 Ne6 48. Rc3 f4 49. exf4 Nxf4 50. Ke3 Ke5 51. Rb3 d4+ 52. Kd2 Kd5 53. b7
Bxb7 54. Rb1 Kxc5 55. Re1 Kd5 56. Re8 c5 57. Rf8 Rh4 58. Rb8 Kc6 59. Rf8 c4 60.
Rf6+ Kc5 61. Rf5+ Bd5 62. Rf1 c3+ 63. Kc2 Kc4 64. Rf8 d3+ 65. Kb1 Ne6 66. Rc8+
Kb4 67. Rb8+ Kxa4 68. f4 Rxf4 0-1

[Event "Cto Aragón Equipos Pref Gr I"]
[Site "Aragón"]
[Date "2014.03.22"]
[Round "9.39"]
[White "Buil Rello, Jose Antonio"]
[Black "Puertolas Serena, Arturo"]
[Result "1-0"]
[WhiteElo "1907"]
[BlackElo "1917"]
[PlyCount "131"]
[EventDate "2014.??.??"]
[EventRounds "9"]
[EventCountry "ESP"]
[WhiteTeam "Jaime Casas B"]
[BlackTeam "L´Aurora Estadilla B"]

1. e4 c6 2. d4 d5 3. exd5 cxd5 4. Bd3 Nf6 5. c3 g6 6. h3 Bg7 7. Nf3 Nc6 8. O-O
O-O 9. Nbd2 Nh5 10. Re1 Re8 11. Nf1 Qc7 12. Qb3 e6 13. Bg5 Nf4 14. Qd1 Nxd3 15.
Qxd3 Bd7 16. Qd2 Na5 17. b3 Bb5 18. N1h2 h5 19. Rac1 Bd7 20. Bh6 Nc6 21. Qg5
Qd8 22. Qf4 Qf6 23. Qd2 Qd8 24. Re2 Rc8 25. Bxg7 Kxg7 26. Qf4 Qf6 27. Qg3 Ne7
28. Ne5 Bb5 29. Ree1 Nf5 30. Qf4 Nd6 31. Qe3 Ne4 32. c4 Bc6 33. c5 Qe7 34. f3
Nf6 35. Nf1 Nd7 36. Ng3 Nxe5 37. Qxe5+ Qf6 38. Qe3 b6 39. b4 Bb5 40. f4 Bc4 41.
a4 b5 42. axb5 Bxb5 43. Nf1 Rb8 44. Ra1 Bxf1 45. Rxf1 Rxb4 46. Rfd1 Re7 47. Ra6
Rc7 48. g4 hxg4 49. hxg4 Kg8 50. g5 Qf5 51. Kf2 Rb2+ 52. Rd2 Rb1 53. Ra3 Rc1
54. Rb3 Rc8 55. Kg3 Rh1 56. Kg2 Rh4 57. Rf2 Qg4+ 58. Qg3 Qxg3+ 59. Kxg3 Rh1 60.
Rd2 Re1 61. Kf3 Kf8 62. Rb7 Rc6 63. Rh2 Kg7 64. Rb8 f6 65. Rb7+ Kg8 66. gxf6
1-0

[Event "Cto Aragón Equipos Pref Gr I"]
[Site "Aragón"]
[Date "2014.03.22"]
[Round "9.40"]
[White "Landa Galindo, Victor"]
[Black "Olivan Alvira, Alejandro"]
[Result "1-0"]
[WhiteElo "1904"]
[BlackElo "1551"]
[PlyCount "89"]
[EventDate "2014.??.??"]
[EventRounds "9"]
[EventCountry "ESP"]
[WhiteTeam "L´Aurora Estadilla B"]
[BlackTeam "Jaime Casas B"]

1. e4 d5 2. exd5 Qxd5 3. Nc3 Qa5 4. Bc4 Nf6 5. d3 Bg4 6. f3 Bh5 7. Nge2 c6 8.
Bd2 e6 9. Ng3 Bg6 10. Qe2 Be7 11. O-O-O O-O 12. h4 Qc7 13. Nce4 Nxe4 14. Nxe4
Bxe4 15. dxe4 Nd7 16. f4 b5 17. Bd3 Nc5 18. Be3 Nxd3+ 19. Rxd3 Rfd8 20. Rhd1
Rxd3 21. Rxd3 Rd8 22. h5 Rxd3 23. cxd3 c5 24. Kb1 b4 25. Qc2 a5 26. Qc4 Qd6 27.
b3 f6 28. f5 Kf7 29. g4 Qe5 30. fxe6+ Qxe6 31. Bf4 Qxc4 32. dxc4 Bd8 33. Bd6
Bb6 34. Kc2 h6 35. Kd3 Ke6 36. Bb8 Kf7 37. e5 fxe5 38. Ke4 g6 39. Kxe5 Bd8 40.
Kd5 gxh5 41. gxh5 Be7 42. Bd6 Bd8 43. Bxc5 Be7 44. Bxe7 Kxe7 45. Kc6 1-0

[Event "Cto Aragón Equipos Pref Gr I"]
[Site "Aragón"]
[Date "2014.03.22"]
[Round "9.41"]
[White "Donoso Sanchez, Alejandro"]
[Black "Cebrian Valverde, Jose Antonio"]
[Result "0-1"]
[WhiteElo "2212"]
[BlackElo "2141"]
[PlyCount "132"]
[EventDate "2014.??.??"]
[EventRounds "9"]
[EventCountry "ESP"]
[WhiteTeam "CMU Pedro Cerbuna"]
[BlackTeam "San Jose"]

1. e4 e6 2. d4 d5 3. Nd2 Nf6 4. e5 Nfd7 5. Bd3 c5 6. c3 Nc6 7. Ne2 cxd4 8. cxd4
f6 9. exf6 Nxf6 10. O-O Bd6 11. Nf3 O-O 12. Bf4 Bxf4 13. Nxf4 Ne4 14. Ne2 Ng5
15. Nxg5 Qxg5 16. f4 Qf6 17. Bc2 Bd7 18. Rf3 Nb4 19. Ba4 Bxa4 20. Qxa4 Nc6 21.
Rd1 Rf7 22. Re3 Ne7 23. g3 Nf5 24. Re5 Nd6 25. Nc3 Nc4 26. Re2 g5 27. Rf2 Ne3
28. Rdd2 Ng4 29. Rf1 a6 30. Qb3 Raf8 31. h3 Ne3 32. Rf3 gxf4 33. Ne2 Qf5 34.
Nxf4 Qb1+ 35. Kf2 Nc4 36. Rd1 Qe4 37. Qc3 e5 38. Re1 exd4 39. Qc1 Qf5 40. Kg1
Ne5 41. Rff1 Nc4 42. Ne6 Qxf1+ 43. Rxf1 Rxf1+ 44. Qxf1 Rxf1+ 45. Kxf1 Nxb2 46.
Nxd4 Kf7 47. Kf2 Kf6 48. Ke3 Nd1+ 49. Kf4 Nf2 50. h4 Nd3+ 51. Ke3 Nb4 52. a3
Nc6 53. Nf3 b5 54. g4 a5 55. Ng5 h6 56. Nh3 a4 57. Nf4 d4+ 58. Ke4 b4 59. g5+
hxg5 60. hxg5+ Kf7 61. g6+ Kg8 62. Kd3 bxa3 63. Kc2 Nb4+ 64. Kb1 d3 65. Ng2 d2
66. Ne3 Kg7 0-1

[Event "Cto Aragón Equipos Pref Gr I"]
[Site "Aragón"]
[Date "2014.03.22"]
[Round "9.42"]
[White "Gimeno Oteo, Marco Antonio"]
[Black "Sacristan Latorre, Alberto"]
[Result "1/2-1/2"]
[WhiteElo "2121"]
[BlackElo "2061"]
[PlyCount "135"]
[EventDate "2014.??.??"]
[EventRounds "9"]
[EventCountry "ESP"]
[WhiteTeam "San Jose"]
[BlackTeam "CMU Pedro Cerbuna"]

1. e4 c5 2. Nf3 Nc6 3. d4 cxd4 4. Nxd4 g6 5. Nc3 Bg7 6. Be3 Nf6 7. Be2 O-O 8.
Nb3 d6 9. O-O a5 10. a4 Be6 11. f4 Nd7 12. Nd4 Nxd4 13. Bxd4 Bxd4+ 14. Qxd4 Qb6
15. Qxb6 Nxb6 16. f5 Bd7 17. f6 exf6 18. Rxf6 Be6 19. Rd1 Rfd8 20. Bb5 Rac8 21.
Rf2 Bc4 22. Rd4 Bxb5 23. Nxb5 d5 24. exd5 Rxd5 25. Rxd5 Nxd5 26. b3 Ne3 27. c3
Rd8 28. Re2 Rd3 29. h3 Kg7 30. b4 axb4 31. cxb4 Nd5 32. Rb2 Rd1+ 33. Kh2 Ra1
34. a5 Ra4 35. Nd6 b6 36. axb6 Nxb6 37. b5 Rd4 38. Ne8+ Kf8 39. Nc7 Ke7 40. Rc2
Kd7 41. Na6 Rc4 42. Rd2+ Ke7 43. Kg1 Rc1+ 44. Kf2 Rb1 45. Nc7 Rc1 46. Na6 Rb1
47. Nc7 Rc1 48. Na6 Nc4 49. Rd5 Rb1 50. Rc5 Nd6 51. Rc7+ Kd8 52. Rc6 Nxb5 53.
Rb6 Nc3 54. Rxb1 Nxb1 55. Nb4 Ke7 56. Ke3 Ke6 57. Nc2 Ke5 58. Nd4 Nc3 59. Nf3+
Kf5 60. Nd4+ Kf6 61. Nf3 h5 62. Kd3 Nd5 63. Ke4 Ne7 64. g4 hxg4 65. hxg4 g5 66.
Ne5 Ng6 67. Nxf7 Kxf7 68. Kf5 1/2-1/2

[Event "Cto Aragón Equipos Pref Gr I"]
[Site "Aragón"]
[Date "2014.03.22"]
[Round "9.43"]
[White "Gella Bitrian, Diego"]
[Black "Gutierrez Mingueza, Ruben"]
[Result "0-1"]
[WhiteElo "2054"]
[BlackElo "2081"]
[PlyCount "132"]
[EventDate "2014.??.??"]
[EventRounds "9"]
[EventCountry "ESP"]
[WhiteTeam "CMU Pedro Cerbuna"]
[BlackTeam "San Jose"]

1. e4 c5 2. Nf3 Nc6 3. d4 cxd4 4. Nxd4 Nf6 5. Nc3 e5 6. Ndb5 d6 7. Bg5 a6 8.
Na3 b5 9. Bxf6 gxf6 10. Nd5 Bg7 11. c3 f5 12. exf5 Bxf5 13. Nc2 Be6 14. Nce3
Ne7 15. a4 Nxd5 16. Nxd5 O-O 17. Be2 Rc8 18. O-O Kh8 19. axb5 axb5 20. Ra6 Rg8
21. Ne3 d5 22. Bg4 Qd7 23. Qf3 Rc6 24. Rfa1 Rxa6 25. Rxa6 Qb7 26. Ra1 e4 27.
Qf4 b4 28. Bxe6 fxe6 29. Nd1 bxc3 30. bxc3 e5 31. Qd2 d4 32. g3 Ra8 33. Rxa8+
Qxa8 34. h4 Qa1 35. Kh2 Qb1 36. Nb2 h6 37. Nd1 Qb5 38. Kg2 Qc6 39. Kh2 Qc4 40.
Kg2 Qf7 41. Qe2 Qd5 42. Kh2 Bf8 43. Qd2 Bg7 44. Qe2 Qc6 45. Qd2 Kh7 46. Kg1 Qg6
47. Kh2 Qg4 48. Qc2 Qf3 49. Qd2 Bf6 50. Qe1 Be7 51. Qd2 Bc5 52. Qc2 d3 53. Qd2
Qe2 54. Qc1 e3 55. Qb1 exf2 56. Qb7+ Kg8 57. Qa8+ Bf8 58. Qd5+ Kh8 59. Nxf2
Qxf2+ 60. Kh3 Qf5+ 61. g4 Qf1+ 62. Kg3 Qf4+ 63. Kh3 d2 64. c4 Qf1+ 65. Kg3 d1=Q
66. Qxe5+ Bg7 0-1

[Event "Cto Aragón Equipos Pref Gr I"]
[Site "Aragón"]
[Date "2014.03.22"]
[Round "9.44"]
[White "Palomar Ramon, Santiago"]
[Black "Colom Sienes, Eduardo"]
[Result "1-0"]
[WhiteElo "1994"]
[BlackElo "2042"]
[PlyCount "89"]
[EventDate "2014.??.??"]
[EventRounds "9"]
[EventCountry "ESP"]
[WhiteTeam "San Jose"]
[BlackTeam "CMU Pedro Cerbuna"]

1. e4 e6 2. d4 d5 3. e5 c5 4. c3 Nc6 5. Nf3 Qb6 6. a3 Nh6 7. b4 cxd4 8. cxd4
Nf5 9. Be3 Be7 10. Bd3 O-O 11. O-O Bd7 12. Nc3 Nxe3 13. fxe3 f5 14. exf6 Bxf6
15. Na4 Qd8 16. Nc5 b6 17. Nxd7 Qxd7 18. Rc1 Rac8 19. Rf2 Ne7 20. Ba6 Rxc1 21.
Qxc1 Nf5 22. Rc2 Qa4 23. Bd3 Nd6 24. Rc6 Nc4 25. Rxe6 Nxa3 26. e4 dxe4 27. Rxe4
Qxb4 28. Ne5 Bxe5 29. dxe5 Qb3 30. Re3 Qb4 31. Rh3 g6 32. Ba6 Qd4+ 33. Kh1 Nc2
34. e6 Rf2 35. Rd3 Qe4 36. Rd8+ Kg7 37. Rd7+ Kg8 38. Bb7 Qe3 39. Qg1 Kf8 40.
Bf3 Ne1 41. Rf7+ Kg8 42. Bd5 Re2 43. e7 Nd3 44. Qxe3 Rxe3 45. Rf3+ 1-0

[Event "Cto Aragón Equipos Pref Gr I"]
[Site "Aragón"]
[Date "2014.03.22"]
[Round "9.45"]
[White "Osorio Marin, Luis Alejandro"]
[Black "Soriano Ascaso, Ignacio"]
[Result "1-0"]
[WhiteElo "2007"]
[BlackElo "2134"]
[PlyCount "101"]
[EventDate "2014.??.??"]
[EventRounds "9"]
[EventCountry "ESP"]
[WhiteTeam "Shatranj"]
[BlackTeam "Sabiñanigo"]

1. d4 g6 2. Nf3 Bg7 3. e3 d6 4. c4 Nd7 5. Nc3 c5 6. Be2 Ngf6 7. O-O O-O 8. Rb1
e5 9. dxe5 Nxe5 10. Nxe5 dxe5 11. e4 h6 12. Be3 b6 13. Qc2 Be6 14. Rbd1 Qe7 15.
Rd2 Rad8 16. Rfd1 Rd4 17. Bxd4 exd4 18. Nd5 Bxd5 19. exd5 Ne4 20. Rd3 Re8 21.
Bf1 f5 22. Re1 Be5 23. g3 Qd7 24. Bg2 Nd6 25. f4 Bf6 26. Re6 Kf7 27. Rd1 Rxe6
28. dxe6+ Kxe6 29. Bd5+ Ke7 30. Re1+ Kf8 31. Qe2 Qe7 32. Qxe7+ Bxe7 33. Re6 Ne8
34. Rxg6 Nf6 35. Be6 d3 36. Kf1 h5 37. Ke1 b5 38. b3 Bd8 39. Kd2 Ke7 40. Bxf5
bxc4 41. bxc4 Kf7 42. Bxd3 Ba5+ 43. Ke2 Bc3 44. h3 Bd4 45. g4 hxg4 46. hxg4 a5
47. g5 Ne8 48. Ra6 Ng7 49. f5 Bc3 50. Ra7+ Kf8 51. Kf3 1-0

[Event "Cto Aragón Equipos Pref Gr I"]
[Site "Aragón"]
[Date "2014.03.22"]
[Round "9.46"]
[White "Calleja Sanchez, Alfredo"]
[Black "Ballonga Arruebo, Alejandro"]
[Result "1-0"]
[WhiteElo "1894"]
[BlackElo "1696"]
[PlyCount "67"]
[EventDate "2014.??.??"]
[EventRounds "9"]
[EventCountry "ESP"]
[WhiteTeam "Sabiñanigo"]
[BlackTeam "Shatranj"]

1. e4 e6 2. d3 d5 3. Nd2 Nf6 4. g3 h5 5. e5 Nfd7 6. f4 h4 7. g4 g5 8. Ndf3 gxf4
9. Bxf4 c5 10. Qd2 Nc6 11. O-O-O Qa5 12. Qxa5 Nxa5 13. Bg5 Be7 14. Bxe7 Kxe7
15. Nh3 Nb6 16. Nf4 Bd7 17. Nh5 c4 18. d4 Na4 19. Nxh4 b5 20. Be2 b4 21. Rhf1
b3 22. axb3 cxb3 23. c3 Rac8 24. Rf3 Nc4 25. Bxc4 Rxc4 26. Rdf1 Be8 27. Ng2 Nb6
28. h4 Ra4 29. Ne3 Ra1+ 30. Kd2 Ra2 31. Rb1 a5 32. Kc1 Bb5 33. Rh3 Bd3 34.
Nxd5+ 1-0

[Event "Cto Aragón Equipos Pref Gr I"]
[Site "Aragón"]
[Date "2014.03.22"]
[Round "9.47"]
[White "Santos Hernandez, Higinio"]
[Black "Climente Martinez, Jose Luis"]
[Result "0-1"]
[WhiteElo "1660"]
[BlackElo "1888"]
[PlyCount "78"]
[EventDate "2014.??.??"]
[EventRounds "9"]
[EventCountry "ESP"]
[WhiteTeam "Shatranj"]
[BlackTeam "Sabiñanigo"]

1. d4 d5 2. Nf3 Bf5 3. e3 Nf6 4. Bd3 Bxd3 5. Qxd3 Nc6 6. c3 e6 7. Nbd2 Be7 8.
e4 dxe4 9. Nxe4 Qd5 10. Nxf6+ Bxf6 11. O-O O-O-O 12. Qc2 g5 13. c4 Nxd4 14.
Nxd4 Qxd4 15. Be3 Qxb2 16. Qa4 Qxa1 17. Rxa1 Bxa1 18. Bxg5 Rd6 19. g3 Ra6 20.
Qc2 h6 21. Bf4 h5 22. h4 Rd8 23. Qh7 e5 24. Qf5+ Rd7 25. Bxe5 Ra5 26. f4 f6 27.
Qxf6 Rd1+ 28. Kf2 Rxa2+ 29. Ke3 Re1+ 30. Kd3 Rd1+ 31. Ke4 Re2+ 32. Kf3 Rxe5 33.
Qh8+ Rd8 34. Qh7 Rc5 35. Qe4 a5 36. Qe6+ Kb8 37. f5 Bg7 38. f6 Rc6 39. Qf5 Rxf6
0-1

[Event "Cto Aragón Equipos Pref Gr I"]
[Site "Aragón"]
[Date "2014.03.22"]
[Round "9.48"]
[White "Garcia Estruch, Jorge"]
[Black "Alvaro Rada, Gonzalo"]
[Result "1-0"]
[WhiteElo "1869"]
[BlackElo "1561"]
[PlyCount "35"]
[EventDate "2014.??.??"]
[EventRounds "9"]
[EventCountry "ESP"]
[WhiteTeam "Sabiñanigo"]
[BlackTeam "Shatranj"]

1. e4 c6 2. d4 d5 3. exd5 Qxd5 4. c4 Qa5+ 5. Bd2 Qb6 6. Bc3 Bf5 7. Nf3 Nd7 8.
Be2 Ngf6 9. Nbd2 h6 10. O-O g5 11. Re1 O-O-O 12. Qa4 Qa6 13. Qxa6 bxa6 14. Ne5
Nxe5 15. dxe5 Ne4 16. Nxe4 Bxe4 17. Bg4+ f5 18. exf6+ 1-0

[Event "Cto Aragón Equipos Pref Gr I"]
[Site "Aragón"]
[Date "2014.03.22"]
[Round "9.49"]
[White "Faro Perella, Alberto"]
[Black "Aparicio Navarro, Pedro"]
[Result "1/2-1/2"]
[WhiteElo "1938"]
[BlackElo "2169"]
[PlyCount "85"]
[EventDate "2014.??.??"]
[EventRounds "9"]
[EventCountry "ESP"]
[WhiteTeam "Binefar"]
[BlackTeam "Helios B"]

1. d4 Nf6 2. c4 g6 3. Nc3 Bg7 4. e4 d6 5. f4 O-O 6. Nf3 c5 7. d5 e6 8. Be2 exd5
9. cxd5 Re8 10. Nd2 Na6 11. O-O Nc7 12. a4 b6 13. Re1 h5 14. h3 a6 15. Bf3 Ng4
16. hxg4 Bd4+ 17. Kf1 Qh4 18. Ke2 hxg4 19. Rh1 gxf3+ 20. gxf3 Qf2+ 21. Kd3 b5
22. Qf1 Qxf1+ 23. Rxf1 Bh3 24. Rh1 Bd7 25. Ne2 Bg7 26. Rh2 bxa4 27. Kc2 Rab8
28. Nc4 Nxd5 29. exd5 Bf5+ 30. Kd2 Bf8 31. Rxa4 Ra8 32. b4 Bd7 33. Bb2 f6 34.
Ra1 Bb5 35. Ne3 Rad8 36. Bxf6 Rd7 37. Rg1 Rh7 38. Rxh7 Kxh7 39. Rh1+ Kg8 40.
Nc3 Bg7 41. Bxg7 Kxg7 42. bxc5 dxc5 43. Ne4 1/2-1/2

[Event "Cto Aragón Equipos Pref Gr I"]
[Site "Aragón"]
[Date "2014.03.22"]
[Round "9.50"]
[White "Prat Guisado, Christian"]
[Black "Saura Solano, Jose Luis"]
[Result "1/2-1/2"]
[WhiteElo "2033"]
[BlackElo "1775"]
[PlyCount "30"]
[EventDate "2014.??.??"]
[EventRounds "9"]
[EventCountry "ESP"]
[WhiteTeam "Helios B"]
[BlackTeam "Binefar"]

1. d4 Nf6 2. c4 e6 3. Nf3 d5 4. Nc3 Bb4 5. cxd5 exd5 6. Bg5 Nbd7 7. e3 h6 8.
Bxf6 Qxf6 9. a3 Bxc3+ 10. bxc3 O-O 11. Bd3 Nb6 12. Ne5 Nd7 13. Nf3 Nb6 14. Ne5
Nd7 15. Nf3 Nb6 1/2-1/2

[Event "Cto Aragón Equipos Pref Gr I"]
[Site "Aragón"]
[Date "2014.03.22"]
[Round "9.51"]
[White "Bayona Bafaluy, Jose Maria"]
[Black "Anson Casaos, Alejandro"]
[Result "1-0"]
[WhiteElo "1759"]
[BlackElo "1902"]
[PlyCount "113"]
[EventDate "2014.??.??"]
[EventRounds "9"]
[EventCountry "ESP"]
[WhiteTeam "Binefar"]
[BlackTeam "Helios B"]

1. e4 e5 2. Nf3 d6 3. d4 exd4 4. Nxd4 Nf6 5. Nc3 Be7 6. Bf4 O-O 7. Qd2 d5 8.
Ndb5 Bb4 9. O-O-O c6 10. Nc7 Nxe4 11. Qe3 Nxc3 12. bxc3 Ba3+ 13. Kd2 Nd7 14.
Nxa8 Bc5 15. Qg3 Nf6 16. Bd3 Nh5 17. Qf3 Qh4 18. Bg3 Qg5+ 19. Bf4 Nxf4 20. h4
Qh6 21. Ke1 Qe6+ 22. Kf1 Bd6 23. h5 b6 24. h6 g6 25. c4 Bb7 26. Nxb6 axb6 27.
cxd5 cxd5 28. Re1 Qf6 29. g3 Ra8 30. gxf4 Rxa2 31. f5 Ra1 32. Rxa1 Qxa1+ 33.
Kg2 Qf6 34. fxg6 Qg5+ 35. Kf1 fxg6 36. Qh3 Kh8 37. Qd7 Qe7 38. Qg4 Qf6 39. Rg1
Bc5 40. Qe2 Bc6 41. Rg3 Qf4 42. Qf3 Bd6 43. Qe3 Qf6 44. Rg4 Kg8 45. Qxb6 Bd7
46. Rg3 Be7 47. Qxf6 Bxf6 48. c4 Be6 49. c5 Bd7 50. Bc2 Kf7 51. Rb3 Bd4 52. Rb7
Ke8 53. c6 Bxc6 54. Rxh7 g5 55. Bg6+ Kf8 56. Rf7+ Kg8 57. h7+ 1-0

[Event "Cto Aragón Equipos Pref Gr I"]
[Site "Aragón"]
[Date "2014.03.22"]
[Round "9.52"]
[White "Flores, Francisco"]
[Black "Vidaller De Pedro, Leon"]
[Result "0-1"]
[WhiteElo "1834"]
[BlackElo "1658"]
[PlyCount "36"]
[EventDate "2014.??.??"]
[EventRounds "9"]
[EventCountry "ESP"]
[WhiteTeam "Helios B"]
[BlackTeam "Binefar"]

1. e4 c5 2. d4 cxd4 3. c3 dxc3 4. Nxc3 Nc6 5. Nf3 d6 6. Bc4 e6 7. O-O Be7 8.
Qe2 a6 9. Rd1 Qc7 10. Bf4 Ne5 11. Bxe5 dxe5 12. Rac1 Qb8 13. Na4 b5 14. Bxb5+
axb5 15. Rxc8+ Qxc8 16. Qxb5+ Kf8 17. Nb6 Qa6 18. Rd7 Qxb5 0-1

[Event "Cto Aragón Equipos Pref Gr II"]
[Site "Aragon"]
[Date "2014.03.22"]
[Round "9.53"]
[White "Turon Perez, David"]
[Black "Lopez Caudevilla, David"]
[Result "0-1"]
[WhiteElo "1924"]
[BlackElo "2057"]
[PlyCount "130"]
[EventDate "2014.??.??"]
[WhiteTeam "Tauste B"]
[BlackTeam "Actur Rey Fernando"]

1. Nf3 Nf6 2. d4 g6 3. c4 Bg7 4. Nc3 O-O 5. g3 d6 6. Bg2 c6 7. O-O Nbd7 8. Bf4
Nh5 9. Bg5 h6 10. Bd2 e5 11. dxe5 dxe5 12. e4 Qe7 13. Qc2 Nc5 14. Be3 Bg4 15.
h3 Be6 16. b3 Nd7 17. Rad1 Rfd8 18. Kh2 f5 19. Nh4 f4 20. Bc1 g5 21. Nf5 Bxf5
22. exf5 Nhf6 23. g4 h5 24. gxh5 g4 25. Rfe1 Qf7 26. h6 Bxh6 27. Ne4 Qh5 28. c5
Nxe4 29. Qxe4 Bg7 30. f3 g3+ 31. Kg1 Kh8 32. b4 a5 33. a3 axb4 34. axb4 Nf6 35.
Qxe5 Rxd1 36. Rxd1 Nd5 37. Qe6 Re8 38. Qg6 Qxg6 39. fxg6 Re2 40. Bxf4 Bc3 41.
Bxg3 Rxg2+ 42. Kxg2 Ne3+ 43. Kf2 Nxd1+ 44. Ke2 Nb2 45. h4 Kg7 46. h5 Kh6 47.
Be1 Bf6 48. f4 Kxh5 49. Ke3 Kxg6 50. Ke4 Nd1 51. f5+ Kg5 52. Bd2+ Kg4 53. Be1
Nc3+ 54. Kd3 Nd5 55. Ke4 Ne7 56. Bd2 Nxf5 57. Be1 Ne7 58. Bd2 Nd5 59. Be1 Bc3
60. Bxc3 Nxc3+ 61. Ke5 Na2 62. b5 cxb5 63. Kd6 b4 64. Kc7 b3 65. Kxb7 Nb4 0-1

[Event "Cto Aragón Equipos Pref Gr II"]
[Site "Aragon"]
[Date "2014.03.22"]
[Round "9.54"]
[White "Aviol Perez, Jose Mariano"]
[Black "Muro Turon, Raul"]
[Result "1-0"]
[WhiteElo "1958"]
[BlackElo "1870"]
[PlyCount "69"]
[EventDate "2014.??.??"]
[WhiteTeam "Actur Rey Fernando"]
[BlackTeam "Tauste B"]

1. d4 Nf6 2. Nf3 e6 3. c4 Bb4+ 4. Bd2 Qe7 5. g3 O-O 6. Nc3 Bxc3 7. Bxc3 Ne4 8.
Rc1 Nxc3 9. Rxc3 d6 10. Bg2 e5 11. c5 exd4 12. cxd6 Qxd6 13. Qxd4 Qa6 14. Ne5
Be6 15. Rxc7 Nc6 16. Nxc6 bxc6 17. Rxc6 Qxa2 18. O-O Rab8 19. Rc2 Rfd8 20. Qe5
Qb3 21. Rfc1 h6 22. h4 Rb6 23. Be4 Qb4 24. Bd3 g6 25. h5 Qg4 26. hxg6 fxg6 27.
Rc7 Qd4 28. Rg7+ Kf8 29. Qxd4 Rxd4 30. Rxa7 Rxb2 31. Kh2 Rd8 32. Rh7 h5 33.
Rcc7 Bg8 34. Rhg7 Rb6 35. Rxg6 1-0

[Event "Cto Aragón Equipos Pref Gr II"]
[Site "Aragon"]
[Date "2014.03.22"]
[Round "9.55"]
[White "Garcia Montolar, Cesar"]
[Black "Leon Dionis, Mateo"]
[Result "1/2-1/2"]
[WhiteElo "1836"]
[BlackElo "1788"]
[PlyCount "98"]
[EventDate "2014.??.??"]
[WhiteTeam "Tauste B"]
[BlackTeam "Actur Rey Fernando"]

1. d4 Nf6 2. Nf3 e6 3. e3 c5 4. c3 Nc6 5. Bd3 d5 6. Nbd2 cxd4 7. exd4 Bd6 8.
O-O Ne7 9. Re1 Ng6 10. Nf1 O-O 11. Ng3 Qc7 12. Ne5 Nxe5 13. dxe5 Bxe5 14. Nh5
g6 15. g4 Nxh5 16. gxh5 Bxh2+ 17. Kg2 Bf4 18. Rh1 g5 19. h6 Bxc1 20. Rxc1 f5
21. Qd2 Qf4 22. Qxf4 gxf4 23. Kf3 e5 24. Bb5 Rf7 25. Rcd1 Be6 26. Rde1 e4+ 27.
Kxf4 Rd8 28. Ke5 Bc8 29. Rd1 Re7+ 30. Kf4 Kf7 31. Ba4 Kf6 32. Rd4 Be6 33. Bb3
Red7 34. Rhd1 a6 35. Ba4 b5 36. Bb3 Kg6 37. Ke5 Bg8 38. Rh1 Kg5 39. f4+ exf3
40. Rg1+ Kh5 41. Rd2 Re7+ 42. Kf4 Re4+ 43. Kxf3 Rg4 44. Rh2+ Kg5 45. Rhg2 Rxg2
46. Rxg2+ Kxh6 47. Kf4 Rf8 48. Bc2 Bf7 49. Ke5 Bg6 1/2-1/2